Statistiques concernant Chanteur de A à Z.

Cliquez ici pour prendre le quiz!

Statistiques générales

  • Ce quiz a été pris 3 594 fois
    (3 432 depuis la dernière actualisation)
  • Le résultat moyen est 16 sur 25

Statistiques - réponses

LettreTitres de chansonsChanteur / Chanteuse / Groupe% Correct
ABruxelles je t’aime - Oui ou non - Tout oublierAngèle
91%
SPapaoutai - Santé - FormidableStromae
91%
LJour 1 - Secret - Aimer à mortLouane
88%
IJ'ai demandé à la lune - 3ème sexe - L'AventurierIndochine
85%
OLa Quête - Basique - La Terre est rondeOrelsan
79%
QWe Will Rock You - The Show Must Go On - Bohemian RhapsodyQueen
79%
RMistral gagnant - Laisse béton - Morgane de toiRenaud
79%
PRoar - Firework - I Kissed a GirlKaty Perry
77%
VBeau-papa - Pour de vrai - Je m’en vaisVianney
77%
CLa corrida - Un samedi soir sur la terre - Je l'aime à mourirFrancis Cabrel
74%
DMy Heart Will Go On - All By Myself - I'm AliveCéline Dion
72%
EWithout Me - Lose Yourself - StanEminem
71%
ZJe suis un homme - Rue de la Paix - À ma placeZazie
69%
HL'Envie - Je te promets - Diego, libre dans sa têteJohnny Hallyday
62%
TÇa - Un autre monde - CendrillonTéléphone
62%
KLe chemin - Contact - Dernière danseKyo
59%
JAu soleil - J'attends l'amour - Donne-moi le tempsJenifer
58%
MHung Up - Frozen - Like a VirginMadonna
56%
WPS : Je t'aime - Double je - Jacques a ditChristophe Willem
55%
NSmells Like Teen Spirit - Come as You Are - Something in the WayNirvana
55%
UWith or Without You - Beautiful Day - MagnificentU2
52%
BLe dîner - L'effet papillon - Je suis de cellesBénabar
51%
FJe t’aime - Tu es mon autre - ToutLara Fabian
49%
GCalm Down - Love You Like a Love Song - WolvesSelena Gomez
33%
YTissues - Memories - I'm a messYungblud
4%

Distribution des résultats

Percentile par nombre de réponses

% des personnes avec chaque résultat

Votre développement - résultats

Vous n’avez pas pris ce quiz depuis la dernière actualisation